What functional managers need to know about project management (E-Book) (Record no. 193269)

000 -LEADER
fixed length control field 01287 a2200277 4500
003 - CONTROL NUMBER IDENTIFIER
control field Nust
005 - DATE AND TIME OF LATEST TRANSACTION
control field 20170207154054.0
010 ## - LIBRARY OF CONGRESS CONTROL NUMBER
LC control number 2009018591
020 ## - INTERNATIONAL STANDARD BOOK NUMBER
International Standard Book Number 0470525479 (cloth)
020 ## - INTERNATIONAL STANDARD BOOK NUMBER
International Standard Book Number 9780470525470 (cloth)
035 ## - SYSTEM CONTROL NUMBER
System control number (OCoLC)ocn316011347
040 ## - CATALOGING SOURCE
Transcribing agency Nust
082 00 - DEWEY DECIMAL CLASSIFICATION NUMBER
Classification number 658.4
100 1# - MAIN ENTRY--PERSONAL NAME
Personal name Harold Kerzner, Frank Saladis.
245 10 - TITLE STATEMENT
Title What functional managers need to know about project management (E-Book)
Statement of responsibility, etc. Harold Kerzner, Frank Saladis.
260 ## - PUBLICATION, DISTRIBUTION, ETC.
Place of publication, distribution, etc. Hoboken, N.J. :
Name of publisher, distributor, etc. Wiley ;
Place of publication, distribution, etc. New York :
Name of publisher, distributor, etc. International Institute for Learning,
Date of publication, distribution, etc. c2009.
300 ## - PHYSICAL DESCRIPTION
Extent xii, 244 p. :
Other physical details ill. ;
Dimensions 24 cm.
490 1# - SERIES STATEMENT
Series statement [The IIL/Wiley series in project management]
500 ## - GENERAL NOTE
General note Includes index.
500 ## - GENERAL NOTE
General note Series statement from jacket.
505 0# - FORMATTED CONTENTS NOTE
Formatted contents note Project management principles -- The benefits of project management -- Some implementation complexities -- Role of the major players in project management : the project manager -- Role of the major players in project management : the project sponsor -- Role of the major players in project management : the functional manager.
650 #0 - SUBJECT ADDED ENTRY--TOPICAL TERM
Topical term or geographic name entry element Project management.
651 ## - SUBJECT ADDED ENTRY--GEOGRAPHIC NAME
Geographic name What functional managers need to know about project management (E-Book)
700 1# - ADDED ENTRY--PERSONAL NAME
Personal name Saladis, Frank P.
830 #0 - SERIES ADDED ENTRY--UNIFORM TITLE
Uniform title IIL/Wiley series in project management.
942 ## - ADDED ENTRY ELEMENTS (KOHA)
Source of classification or shelving scheme
Koha item type Book
Holdings
Withdrawn status Lost status Source of classification or shelving scheme Damaged status Not for loan Collection code Permanent Location Current Location Date acquired Total Checkouts Full call number Barcode Date last seen Price effective from Koha item type
            Military College of Signals (MCS) Military College of Signals (MCS) 12/12/2016   658.4 KER MCSEB-2920 12/08/2016 12/12/2016 Book
© 2023 Central Library, National University of Sciences and Technology. All Rights Reserved.